000 01050cab a2200313 4500
001 WB3105-29
008 090401t1995 xxu||||| |||| 00| 0 eng d
035 _a(Sirsi) u20432
041 _aeng
245 _aInvestors test the market
260 _c1995
350 _a0
490 _aEuropean
_v3 February 1995, 25(1)
520 _aCommerical property markets in Spain, Belgium, Luxembourg and the Netherlands are starting to recover from recession, according to a report by Jones Lang Wootton, with most activity concentrated on the retail sector.
650 _aBENELUX
650 _aBUDAPEST
650 _aEUROPE
650 _aITALY
650 _aMILAN
650 _aPRAGUE
650 _aPROPERTY-COMMERCIAL PROPERTY-RETAIL PROPERTY-RETAIL PROPERTY MARKET
650 _aVIENNA
650 _aWARSAW
690 _aPROPERTY-COMMERCIAL PROPERTY-COMMERCIAL PROPERTY FINANCE AND INVESTMENT
690 _aPROPERTY-COMMERCIAL PROPERTY-COMMERCIAL PROPERTY MARKET
690 _aOVERSEAS-EUROPE
942 _n0
948 _c04/03/1997
999 _c13690
_d13690